Statistics for Flag Shapes of the Americas

Click here to take the quiz!

General Stats

  • This quiz has been taken 13 times
  • The average score is 33 of 35

Answer Stats

Answer% Correct
Bahamas
100%
Bolivia
100%
Chile
100%
Cuba
100%
Guatemala
100%
Mexico
100%
Panama
100%
Paraguay
100%
Antigua and Barbuda
92%
Argentina
92%
Barbados
92%
Belize
92%
Brazil
92%
Canada
92%
Colombia
92%
Costa Rica
92%
Dominica
92%
Dominican Republic
92%
Ecuador
92%
El Salvador
92%
Guyana
92%
Haiti
92%
Honduras
92%
Jamaica
92%
Nicaragua
92%
Peru
92%
Saint Kitts and Nevis
92%
Saint Lucia
92%
Suriname
92%
Trinidad and Tobago
92%
United States
92%
Uruguay
92%
Venezuela
92%
Grenada
83%
Saint Vincent and the Grenadines
83%

Score Distribution

Percentile by Number Answered

Percent of People with Each Score

Your Score History

You have not taken this quiz